Podnikateľský plán vybraného podniku bakalárska práca

Guardado en:
Detalles Bibliográficos
Autor principal: Miškovič, Timotej
Autor Corporativo: Fakulta podnikového manažmentu EU. Katedra manažmentu
Otros Autores: Kovács, Jozef, 1994-
Formato: Libro
Lenguaje:eslovaco
Publicado: Bratislava 2025
Etiquetas: Agregar Etiqueta
Sin Etiquetas, Sea el primero en etiquetar este registro!

MARC

LEADER 00000nbm a2200000 4500
001 0309845
005 20251212134332.3
041 0 |a slo 
044 |a SK 
245 1 0 |a Podnikateľský plán vybraného podniku  |b bakalárska práca  |c Timotej Miškovič ; školiteľ: Jozef Kovács 
264 1 |a Bratislava  |c 2025 
300 |a 55 s. 
100 1 |a Miškovič, Timotej 
700 1 |a Kovács, Jozef, 1994- 
710 2 |a Fakulta podnikového manažmentu EU. Katedra manažmentu